000 00741nam a22002177a 4500
003 UA-OsUOA
001 112686
007 ta
008 20150721b un ||||| |||| 00| 0 ukr d
100 _aВласенко Н.
090 _a330
_bВ58
942 _cSA
040 _aUA-OsUOA
_bukr
_cUA-OsUOA
_dUA-OsUOA
245 _aДержавне регулювання кредитної діяльності банків у посткризовий період: досвід країн Центральної та Східної Європи
300 _aС.116-123
955 _a0
041 _aukr
080 _a330
773 0 _w112675
_tБанківська справа
_dК.
_d2015
_g3
650 7 _a330 Економіка взагалі
_2UDC
999 _c398583
_d398583